Elements by Letter - S - Statistics

General Stats
  • This quiz has been taken 133 times
    121 since last reset
  • The average score is 7 of 9
Answer Stats
Elements % Correct
Selenium
88%
Sulfur
88%
Silicon
84%
Scandium
81%
Silver
81%
Sodium
79%
Strontium
79%
Seaborgium
61%
Samarium
58%
No matching quizzes found
Score Distribution
Percent of People with Each Score
Percentile by Number Answered
Your Score History
You have not taken this quiz since the last reset